| 000 | 00562nam a2200193 4500 | ||
|---|---|---|---|
| 001 | 131742 | ||
| 003 | ES-MaACL | ||
| 005 | 20230906194034.0 | ||
| 007 | t| | ||
| 008 | 070214s1985 sp r ||||1| spa d | ||
| 100 | 1 |
_aRodríguez Lozano, Vicente. _998625 |
|
| 245 | 1 | 0 |
_aIntroducción a la lógica simbólica _b: (lógica de enunciados) / _cVicente Rodríguez Lozano. |
| 260 |
_aMadrid : _bAkal, _c1985. |
||
| 300 |
_a204 p. ; _c23 cm. |
||
| 490 | 1 | _aTextos | |
| 830 | 0 |
_aTextos _9179017 |
|
| 852 |
_aES-MaACL _jL-10822 _bR.110630 |
||
| 999 |
_c131742 _d131742 |
||